|
|
|
|
| LEADER |
01865nam a22003974a 4500 |
| 001 |
EBC3443048 |
| 003 |
MiAaPQ |
| 005 |
20200520144314.0 |
| 006 |
m o d | |
| 007 |
cr cn||||||||| |
| 008 |
020718s2003 txub sb 001 0 eng |
| 020 |
|
|
|z 0292734646 (cl. : alk. paper)
|
| 035 |
|
|
|a (MiAaPQ)EBC3443048
|
| 035 |
|
|
|a (Au-PeEL)EBL3443048
|
| 035 |
|
|
|a (CaPaEBR)ebr10190629
|
| 035 |
|
|
|a (OCoLC)60334005
|
| 040 |
|
|
|a MiAaPQ
|c MiAaPQ
|d MiAaPQ
|
| 043 |
|
|
|a e-sp---
|
| 050 |
|
4 |
|a HC387.A64
|b H35 2003
|
| 082 |
0 |
4 |
|a 330.9366
|2 21
|
| 100 |
1 |
|
|a Haley, Evan W.
|
| 245 |
1 |
0 |
|a Baetica felix
|h [electronic resource] :
|b people and prosperity in southern Spain from Caesar to Septimius Severus /
|c Evan W. Haley.
|
| 250 |
|
|
|a 1st ed.
|
| 260 |
|
|
|a Austin :
|b University of Texas Press,
|c 2003.
|
| 300 |
|
|
|a xviii, 277 p. :
|b map.
|
| 504 |
|
|
|a Includes bibliographical references (p. 231-262) and index.
|
| 505 |
0 |
|
|a Rural settlement and production in Baetica, c. 50 B.C.-27 B.C. -- Baetica pacata -- The Julio-Claudian experience -- The Flavian impact : the evidence surveyed -- The Flavian impact : an analysis -- Wealthy Baetici -- The nature of economic growth in Roman Imperial Baetica : a theoretical perspective.
|
| 533 |
|
|
|a Electronic reproduction. Ann Arbor, MI : ProQuest, 2015. Available via World Wide Web. Access may be limited to ProQuest affiliated libraries.
|
| 650 |
|
0 |
|a Land settlement
|z Spain
|z Andalusia
|x History
|y To 1500.
|
| 650 |
|
0 |
|a Social structure
|z Spain
|z Andalusia
|x History
|y To 1500.
|
| 651 |
|
0 |
|a Andalusia (Spain)
|x Economic conditions.
|
| 651 |
|
0 |
|a Andalusia (Spain)
|x Social conditions.
|
| 651 |
|
0 |
|a Andalusia (Spain)
|x Civilization
|x Roman influences.
|
| 655 |
|
4 |
|a Electronic books.
|
| 710 |
2 |
|
|a ProQuest (Firm)
|
| 856 |
4 |
0 |
|u https://ebookcentral.proquest.com/lib/matrademy/detail.action?docID=3443048
|z Click to View
|